| 000 | 03573cam a2200361 i 4500 | ||
|---|---|---|---|
| 003 | SA-RiAUC | ||
| 005 | 20250512041539.0 | ||
| 008 | 250511s2008 le g 001 0 ara c | ||
| 020 | _a9953349312 | ||
| 020 | _a9789953349312 | ||
| 024 | 0 | _a00000000265325 | |
| 040 |
_aSA-RiAUC _bara _cSA-RiAUC _dKAC _erda |
||
| 082 | 0 | 4 |
_a811.009961 _qSA-RiAUC |
| 090 |
_a811.009961 _bا ب ن د |
||
| 100 | 1 |
_aابن دحية الكلبي، عمر بن الحسن بن علي، _d544-633 هجريا _eمؤلف. |
|
| 245 | 1 | 2 |
_aالمطرب من أشعار أهل المغرب / _cلأبي الخطاب عمر بن دحية الكلبي ؛ قدم له وضبطه وشرحه وأعد فهارسه الدكتور صلاح الدين الهواري. |
| 250 | _aالطبعة الأولى. | ||
| 264 | 1 |
_aصيدا، لبنان ؛ _aبيروت : _bالمكتبة العصرية للطباعة والنشر : _bشركة أبناء شريف الأنصاري للطباعة والنشر والتوزيع : _bالدار النموذجية، _c2008 |
|
| 264 | 3 |
_aصيدا، لبنان : _bالمطبعة العصرية |
|
| 300 |
_a240 صفحة ؛ _c24 × 17 سم |
||
| 336 |
_aنص _btxt _2rdacontent _3كتاب |
||
| 337 |
_aبدون وسيط _bn _2rdamedia |
||
| 338 |
_aمجلد _bnc _2rdacarrier |
||
| 500 | _aكشافات : صفحة 207-235. | ||
| 504 | _aببليوجرافية : صفحة 236-238. | ||
| 505 | 0 | _aالمحتويات : مقدمة-ترجمة المؤلف-وبه نستعين-أبو عمر يوسف بن هارون الرمادي-أبو عمر بن محمد بن فرج الجياني-أمة العزيز-المعتمد بن العباد-ولادة-حفصة بنت الحاج-ابنة زياد المؤدب-الحكم المستنصر-المعتضد بن عباد-السلطان المتوكل على الله-السلطان المعتصم بالله-الملك الراضي بالله أبو خالد ... ابن اللبانة-ابن عبدون-علي بن إسماعيل الفهري-الوزراء الأجلاء الشعراء-ابن أبي الخصال أبو عبد الله محمد بن مسعود ... وموضوعات أخرى. | |
| 650 | 7 |
_aالشعر العربي _zالمغرب العربي _xتاريخ ونقد _2aucsh |
|
| 700 | 1 |
_aهواري، صلاح الدين، _d1950- _eمقدم. |
|
| 856 |
_uhttp://www.alwaraq.net/Core/AlwaraqSrv/bookpage?book=578&option=1&fkey=2&page=1 _yDigital Copy _2 نرجو الانتباه لإمكانية وجود اختلاف في الطبعة أو الناشر بين البيانات على البوابة وما ستجده على الكتاب نظرا لمحدودية المعلومات المتاحة على الموقع الناشر للمادة. _3Please note that there may be a difference in the edition or publisher between the data on the portal and the book due to the limited information available on the publisher website for the material. |
||
| 856 |
_uhttp://www.alwaraq.net/Core/waraq/coverpage?bookid=578&option=1 _yExternal Link _2 نرجو الانتباه لإمكانية وجود اختلاف في الطبعة أو الناشر بين البيانات على البوابة وما ستجده على الكتاب نظرا لمحدودية المعلومات المتاحة على الموقع الناشر للمادة. _3Please note that there may be a difference in the edition or publisher between the data on the portal and the book due to the limited information available on the publisher website for the material. |
||
| 942 |
_2ddc _cBOOK _n0 |
||
| 949 |
_aSA-JeALM _d250511 _uosman123 _n1 |
||
| 999 |
_c7814 _d7814 |
||